|
|
|
|
| LEADER |
00822nab a2200217 i 4500 |
| 001 |
acta52097 |
| 005 |
20250402100025.0 |
| 008 |
180517s1941 hu o 000 hun d |
| 040 |
|
|
|a SZTE Egyetemi Kiadványok Repozitórium
|b hun
|
| 041 |
|
|
|a hun
|
| 245 |
0 |
0 |
|a Költeménytárgyalás
|h [elektronikus dokumentum] :
|b III. osztály
|
| 260 |
|
|
|c 1941
|
| 300 |
|
|
|a 46-48
|
| 490 |
0 |
|
|a Gyakorlati pedagógia
|v 6 No. 2
|
| 650 |
|
4 |
|a Társadalomtudományok
|
| 650 |
|
4 |
|a Oktatástudomány
|
| 650 |
|
4 |
|a Bölcsészettudományok
|
| 650 |
|
4 |
|a Nyelvek és irodalom
|
| 695 |
|
|
|a Magyar irodalom tanítása - általános iskola, Pedagógia - gyakorlati, Óravázlat, Verselemzés - magyar, Magyar irodalom - vers
|
| 700 |
0 |
1 |
|a Tóth Kálmán
|
| 856 |
4 |
0 |
|u http://acta.bibl.u-szeged.hu/52097/1/gyakorlati_1941_002_046-048.pdf
|z Dokumentum-elérés
|